000 00393nam a22001457a 4500
003 MACL
005 20180626162820.0
008 180626b xxu||||| |||| 00| 0 eng d
040 _c MACL
100 _aBrzezinski, Jan K (jagadananda Das)
_972789
245 _aYoga- Tarangini
260 _aRishikesh
_bHimalayan Yoga Publication Trust
_c2015
650 _aYoga
_972790
942 _2ddc
_cBK
999 _c58251
_d58251